[Event "SVK-chT3A2 2223"]
[Site "Slovakia"]
[Date "2023.01.22"]
[Round "5.6"]
[White "Benci, Rudolf"]
[Black "Gajarsky, Julius"]
[Result "0-1"]
[WhiteElo "1544"]
[BlackElo "1608"]
[PlyCount "68"]
[EventDate "2022.10.16"]
[EventType "team-tourn"]
[EventRounds "9"]
[EventCountry "SVK"]
[SourceTitle "EXT 2024"]
[Source "ChessBase"]
[SourceDate "2023.10.10"]
[SourceVersion "1"]
[SourceVersionDate "2023.10.10"]
[SourceQuality "1"]
[WhiteTeam "Skalica"]
[BlackTeam "Modranka Komplet II"]
[WhiteTeamCountry "SVK"]
[BlackTeamCountry "SVK"]

1. e4 c5 2. Nc3 Nc6 3. f4 d6 4. Nf3 e6 5. Bb5 Bd7 6. d3 a6 7. Bxc6 Bxc6 8. 0-0 Nf6 9. Qe1 Be7 10. Qg3 0-0 11. f5 exf5 12. exf5 Ne8 13. Ne4 Bxe4 14. dxe4 Bf6 15. h4 Kh8 16. Bg5 h6 17. Bf4 b5 18. Rad1 Bxb2 19. Bxd6 Nxd6 20. Rxd6 Qe7 21. e5 f6 22. e6 Rfd8 23. Rfd1 Bd4+ 24. R6xd4 cxd4 25. h5 Qc5 26. Kh1 Qxc2 27. Rxd4 Rxd4 28. Nxd4 Qd1+ 29. Kh2 Qxd4 30. Qf3 Rc8 31. g3 Qb2+ 32. Kh3 Qc3 33. Qb7 Qc6 34. Qf7 Qh1+ 0-1

[Event "SVK-chT4 A21 1718"]
[Site "Slovakia"]
[Date "2017.12.10"]
[Round "6.2"]
[White "Gajarsky, Julius"]
[Black "Kubis, Ivan"]
[Result "0-1"]
[WhiteElo "1710"]
[BlackElo "1918"]
[PlyCount "102"]
[EventDate "2017.10.01"]
[EventType "team-tourn"]
[EventRounds "11"]
[EventCountry "SVK"]
[SourceTitle "EXT 2019"]
[Source "ChessBase"]
[SourceDate "2018.10.10"]
[SourceVersion "1"]
[SourceVersionDate "2018.10.10"]
[SourceQuality "1"]
[WhiteTeam "Modranka Komplet"]
[BlackTeam "Gbely Nafta III"]
[WhiteTeamCountry "SVK"]
[BlackTeamCountry "SVK"]

1. d4 Nf6 2. c4 e6 3. Nc3 Bb4 4. Qc2 0-0 5. Bg5 d5 6. e3 h6 7. Bh4 Nbd7 8. Nf3 b6 9. a3 Be7 10. cxd5 exd5 11. Bd3 Bb7 12. 0-0 c5 13. Bg3 Rc8 14. Rac1 Nh5 15. Qe2 Nxg3 16. fxg3 c4 17. Bf5 g6 18. Bxd7 Qxd7 19. Ne5 Qe6 20. Nb5 a6 21. Nc3 Kg7 22. Qf2 Bd6 23. Nf3 b5 24. Rc2 Bc6 25. Rfc1 f5 26. Nd1 a5 27. Ra1 b4 28. axb4 axb4 29. Nd2 Ra8 30. Rcc1 Bb5 31. b3 c3 32. Nf1 Bd3 33. h3 Rfe8 34. h4 Rxa1 35. Rxa1 c2 36. Nb2 Bxf1 37. Kxf1 Qxe3 38. Qxc2 Bxg3 39. Nd3 Qxd4 40. Rd1 Qc3 41. Rc1 Re3 42. Qxc3+ bxc3 43. Nb4 d4 44. Nc2 Re4 45. Rd1 Be5 46. Ne1 Rxh4 47. Ke2 Re4+ 48. Kf2 Rxe1 49. Kxe1 Bf4 50. Rxd4 c2 51. Rc4 c1Q+ 0-1

[Event "SVK-chT4 A21 1718"]
[Site "Slovakia"]
[Date "2017.10.01"]
[Round "1.2"]
[White "Gajarsky, Julius"]
[Black "Cerovsky, Marian"]
[Result "1-0"]
[WhiteElo "1721"]
[BlackElo "1794"]
[PlyCount "101"]
[EventDate "2017.10.01"]
[EventType "team-tourn"]
[EventRounds "11"]
[EventCountry "SVK"]
[SourceTitle "EXT 2019"]
[Source "ChessBase"]
[SourceDate "2018.10.10"]
[SourceVersion "1"]
[SourceVersionDate "2018.10.10"]
[SourceQuality "1"]
[WhiteTeam "Modranka Komplet"]
[BlackTeam "Kopcany"]
[WhiteTeamCountry "SVK"]
[BlackTeamCountry "SVK"]

1. d4 d5 2. c4 Nf6 3. Nc3 c6 4. e3 b6 5. cxd5 Nxd5 6. Nf3 Bg4 7. Be2 e6 8. 0-0 Be7 9. Bd2 0-0 10. Rc1 c5 11. h3 Bh5 12. a3 Nd7 13. dxc5 Nxc5 14. b4 Nxc3 15. Bxc3 Ne4 16. Bd4 a5 17. Qb3 Rb8 18. g4 Bg6 19. Ne5 Nd2 20. Qb2 Nxf1 21. Nc6 Qd7 22. Nxb8 Rxb8 23. Bxf1 axb4 24. axb4 f6 25. b5 e5 26. Bc4+ Kh8 27. Bc3 Qb7 28. Bf1 Be4 29. Bb4 Bxb4 30. Qxb4 Rd8 31. Rd1 Qb8 32. Rxd8+ Qxd8 33. Qxe4 h6 34. Bd3 Qg8 35. Qc6 Qd8 36. Be4 Qd1+ 37. Kg2 Qd8 38. Qa8 Qxa8 39. Bxa8 Kg8 40. Kf3 Kf7 41. Ke4 Ke6 42. Bd5+ Kd6 43. Bf7 Ke7 44. Kd5 Kxf7 45. Kc6 Ke6 46. Kxb6 f5 47. gxf5+ Kxf5 48. f3 g5 49. Kc5 e4 50. fxe4+ Kxe4 51. b6 1-0

[Event "SVK-chT3A2 1617"]
[Site "Slovakia"]
[Date "2016.12.11"]
[Round "5.6"]
[White "Gajarsky, Julius"]
[Black "Huska, Branislav"]
[Result "1-0"]
[WhiteElo "1760"]
[BlackElo "1815"]
[PlyCount "75"]
[EventDate "2016.10.16"]
[EventType "team-tourn"]
[EventRounds "11"]
[EventCountry "SVK"]
[SourceTitle "EXT 2020"]
[Source "ChessBase"]
[SourceDate "2019.10.17"]
[SourceVersion "1"]
[SourceVersionDate "2019.10.17"]
[SourceQuality "1"]
[WhiteTeam "Modranka Komplet"]
[BlackTeam "Senica SK"]
[WhiteTeamCountry "SVK"]
[BlackTeamCountry "SVK"]

1. d4 Nf6 2. c4 e6 3. Nc3 Bb4 4. Qc2 0-0 5. a3 Bxc3+ 6. bxc3 d6 7. Nf3 h6 8. e4 Nc6 9. Bd3 e5 10. d5 Ne7 11. 0-0 Nd7 12. Be3 b6 13. h3 Nc5 14. Bxc5 bxc5 15. Nh2 f5 16. exf5 Nxf5 17. Qd2 Nh4 18. f4 exf4 19. Rxf4 Rxf4 20. Qxf4 Qg5 21. Qxg5 hxg5 22. Rf1 Bd7 23. Rf2 Rf8 24. Bh7+ Kxh7 25. Rxf8 Ng6 26. Ra8 Ne5 27. Rxa7 Nxc4 28. Rxc7 Bf5 29. a4 Be4 30. Ng4 Kg6 31. Re7 Bxd5 32. Ne3 Nxe3 33. Rxe3 Kf5 34. a5 Bc4 35. Kf2 d5 36. Re7 g6 37. Rc7 Ke4 38. Rxc5 1-0

[Event "SVK-chT4 A22 1617"]
[Site "Slovakia"]
[Date "2016.12.04"]
[Round "5.1"]
[White "Bugar, Peter"]
[Black "Gajarsky, Julius"]
[Result "1-0"]
[WhiteElo "1893"]
[BlackElo "1771"]
[PlyCount "85"]
[EventDate "2016.10.09"]
[EventType "team-tourn"]
[EventRounds "11"]
[EventCountry "SVK"]
[SourceTitle "EXT 2020"]
[Source "ChessBase"]
[SourceDate "2019.10.17"]
[SourceVersion "1"]
[SourceVersionDate "2019.10.17"]
[SourceQuality "1"]

1. c4 e5 2. g3 f5 3. Bg2 Nf6 4. Nc3 c6 5. Nf3 d6 6. 0-0 Be7 7. d3 0-0 8. Rb1 Nbd7 9. b4 a6 10. a4 h6 11. b5 axb5 12. axb5 c5 13. Nh4 Nb6 14. Ng6 Rf7 15. Qb3 Kh7 16. Nxe7 Qxe7 17. Bd2 Be6 18. Nd5 Nbxd5 19. cxd5 Bd7 20. e4 fxe4 21. dxe4 Kg8 22. h3 Qe8 23. Qc4 Qc8 24. Kh2 Ne8 25. f4 b6 26. Bc3 exf4 27. gxf4 Nc7 28. e5 Bf5 29. Rbe1 Ne8 30. Re3 Re7 31. Be4 Raa7 32. e6 Bxe4 33. Rxe4 Nf6 34. Re2 Qf8 35. Rg2 Kh8 36. Rfg1 Rab7 37. Rg6 Kh7 38. Qd3 Kh8 39. Qf3 Ra7 40. Qg2 Kh7 41. Bxf6 Re8 42. Rxh6+ Kg8 43. Qg6 1-0

[Event "SVK-chT2A 1516"]
[Site "Slovakia"]
[Date "2016.02.13"]
[Round "8.6"]
[White "Macko, Miroslav"]
[Black "Gajarsky, Julius"]
[Result "1-0"]
[WhiteElo "2123"]
[BlackElo "1799"]
[PlyCount "83"]
[EventDate "2015.10.17"]
[EventType "team-tourn"]
[EventRounds "11"]
[EventCountry "SVK"]
[SourceTitle "EXT 2017"]
[Source "ChessBase"]
[SourceDate "2016.10.25"]
[SourceVersion "1"]
[SourceVersionDate "2016.10.25"]
[SourceQuality "1"]
[WhiteTeam "Bratislava KSN"]
[BlackTeam "Trnava Modranka"]
[WhiteTeamCountry "SVK"]
[BlackTeamCountry "SVK"]

1. e4 c5 2. Nf3 Nc6 3. d4 cxd4 4. Nxd4 e5 5. Nb5 d6 6. N1c3 a6 7. Na3 b5 8. Nd5 Nf6 9. Bg5 Be7 10. Bxf6 Bxf6 11. c4 bxc4 12. Nxc4 Nd4 13. Ndb6 Rb8 14. Nxc8 Rxc8 15. Qa4+ Ke7 16. Bd3 Qc7 17. 0-0 Qc6 18. Qa5 Rb8 19. f4 Rb5 20. Qd2 Ne6 21. Ne3 Rc5 22. Nd5+ Rxd5 23. exd5 Qxd5 24. fxe5 Bxe5 25. Rxf7+ Kd8 26. Rd1 Qxa2 27. Rb7 Rf8 28. Qb4 Qd5 29. Rb8+ Ke7 30. Qb7+ Qxb7 31. Rxb7+ Kf6 32. Rf1+ Kg5 33. Rxf8 Nxf8 34. Bxa6 Ne6 35. b4 h5 36. Bc4 Nd8 37. Rd7 Nc6 38. b5 Bd4+ 39. Kf1 Ne5 40. Rxd6 Nxc4 41. Rxd4 Ne3+ 42. Kf2 1-0

[Event "SVK-chT4 A22 1516"]
[Site "Slovakia"]
[Date "2015.10.18"]
[Round "2.3"]
[White "Gajarsky, Julius"]
[Black "Holicky, Miroslav"]
[Result "1-0"]
[WhiteElo "1808"]
[BlackElo "1840"]
[PlyCount "117"]
[EventDate "2015.10.04"]
[EventType "team-tourn"]
[EventRounds "11"]
[EventCountry "SVK"]
[SourceTitle "EXT 2020"]
[Source "ChessBase"]
[SourceDate "2019.10.17"]
[SourceVersion "1"]
[SourceVersionDate "2019.10.17"]
[SourceQuality "1"]

1. d4 b6 2. c4 e6 3. Nc3 f5 4. Nf3 Nf6 5. Bg5 Bb7 6. g3 Be7 7. Bg2 0-0 8. 0-0 d6 9. Qc2 Nbd7 10. b4 h6 11. Bf4 Nh5 12. Bd2 c5 13. dxc5 bxc5 14. b5 Nb6 15. Na4 Be4 16. Qb3 Qc7 17. Nxb6 axb6 18. Bc3 Ra7 19. Rfd1 Rfa8 20. a4 Qb7 21. Rd2 g5 22. Ne1 Bxg2 23. Nxg2 Nf6 24. f3 e5 25. Ne3 Qc8 26. Qc2 e4 27. Nd5 Nxd5 28. Rxd5 Qe6 29. Kf2 Bf6 30. Bxf6 Qxf6 31. Rad1 Rd7 32. Kg2 Re8 33. fxe4 Rxe4 34. Rf1 Qe6 35. Rf2 f4 36. Kg1 Re7 37. gxf4 Qg4+ 38. Kf1 Rxf4 39. Qg6+ Rg7 40. Qe8+ Kh7 41. Qe3 Rgf7 42. Rxf4 Rxf4+ 43. Ke1 Re4 44. Qd3 Kg7 45. Rxd6 Qh4+ 46. Kd2 Qf4+ 47. Ke1 Qc1+ 48. Qd1 Qxc4 49. Qa1+ Kg8 50. Rg6+ Kf8 51. Qh8+ Ke7 52. Qh7+ Kd8 53. Rd6+ Ke8 54. Qg6+ Kf8 55. Rf6+ Ke7 56. Qg7+ Kd8 57. Qf8+ Kd7 58. Qd6+ Kc8 59. Rf8+ 1-0

[Event "SVK-chT4A21 1415"]
[Site "Slovakia"]
[Date "2015.02.15"]
[Round "9.4"]
[White "Gajarsky, Julius"]
[Black "Sadlon, Matus"]
[Result "1/2-1/2"]
[WhiteElo "1798"]
[BlackElo "1591"]
[PlyCount "31"]
[EventDate "2014.10.12"]
[EventType "team-tourn"]
[EventRounds "11"]
[EventCountry "SVK"]
[SourceTitle "EXT 2022"]
[Source "ChessBase"]
[SourceDate "2021.10.06"]
[SourceVersion "1"]
[SourceVersionDate "2021.10.06"]
[SourceQuality "1"]
[WhiteTeam "Modranka Komplet Juniors"]
[BlackTeam "Brezova"]
[WhiteTeamCountry "SVK"]
[BlackTeamCountry "SVK"]

1. d4 Nf6 2. c4 g6 3. e4 Nxe4 4. Bd3 Nf6 5. Nf3 d6 6. 0-0 Bg7 7. Bg5 0-0 8. Nc3 Re8 9. Qc2 Bg4 10. Nh4 e5 11. h3 Bc8 12. dxe5 dxe5 13. Rad1 Nbd7 14. f4 exf4 15. Rxf4 Re5 16. Ne4 1/2-1/2

[Event "SVK-chT4A21 1415"]
[Site "Slovakia"]
[Date "2014.10.12"]
[Round "1.1"]
[White "Gajarsky, Julius"]
[Black "Nemeckay, Rastislav"]
[Result "1/2-1/2"]
[WhiteElo "1798"]
[BlackElo "1985"]
[PlyCount "27"]
[EventDate "2014.10.12"]
[EventType "team-tourn"]
[EventRounds "11"]
[EventCountry "SVK"]
[SourceTitle "EXT 2022"]
[Source "ChessBase"]
[SourceDate "2021.10.06"]
[SourceVersion "1"]
[SourceVersionDate "2021.10.06"]
[SourceQuality "1"]
[WhiteTeam "Modranka Komplet Juniors"]
[BlackTeam "Stefanov"]
[WhiteTeamCountry "SVK"]
[BlackTeamCountry "SVK"]

1. d4 d5 2. c4 c6 3. Nc3 Nf6 4. Nf3 e6 5. e3 Nbd7 6. a3 a6 7. b4 Bd6 8. c5 Bc7 9. Bd3 e5 10. dxe5 Nxe5 11. Nxe5 Bxe5 12. Qc2 Ng4 13. f4 Bc7 14. 0-0 1/2-1/2